[Event "GBR-ch Major 106th"]
[Site "Torquay"]
[Date "2019.08.02"]
[Round "7"]
[White "Gardiner, Eric D"]
[Black "Graham, David Bruce"]
[Result "0-1"]
[WhiteElo "1957"]
[BlackElo "2162"]
[PlyCount "110"]
[EventDate "2019.07.27"]
[EventType "swiss"]
[EventRounds "9"]
[EventCountry "ENG"]
[SourceTitle "EXT 2020"]
[Source "ChessBase"]
[SourceDate "2019.10.17"]
[SourceVersion "1"]
[SourceVersionDate "2019.10.17"]
[SourceQuality "1"]

1. d4 Nf6 2. Bg5 e6 3. e4 h6 4. Bxf6 Qxf6 5. c3 d5 6. Nd2 c5 7. Ngf3 cxd4 8. Nxd4 Bc5 9. N2b3 Bxd4 10. Nxd4 0-0 11. exd5 exd5 12. Be2 Nc6 13. 0-0 Be6 14. Qa4 Nxd4 15. cxd4 Rfc8 16. Rac1 Qf4 17. Rc3 Qd2 18. Qb5 a6 19. Qd3 Qxb2 20. Rb3 Qxa2 21. Rxb7 Qc2 22. Qxc2 Rxc2 23. Bd3 Rc3 24. Rd1 a5 25. f4 Bg4 26. Rd2 Rc1+ 27. Kf2 Rd1 28. Rxd1 Bxd1 29. Ke1 Bh5 30. Kd2 a4 31. Kc1 Kf8 32. Kb2 Bd1 33. Rb5 Bb3 34. Ka3 Rc8 35. Rc5 Ra8 36. Bb5 Ke7 37. Bc6 Ra6 38. Bxd5 Bxd5 39. Rxd5 Rd6 40. Re5+ Kf6 41. d5 g5 42. g3 gxf4 43. gxf4 Kg6 44. h4 f6 45. h5+ Kf7 46. Rf5 Ra6 47. d6 Rxd6 48. Rb5 Rd4 49. f5 Rh4 50. Rb7+ Kf8 51. Rb8+ Ke7 52. Rb7+ Kd6 53. Rb6+ Ke5 54. Rb5+ Kf4 55. Kxa4 Rxh5 0-1

[Event "BCF-chT2b 1819 (4NCL)"]
[Site "England"]
[Date "2019.02.09"]
[Round "5.72"]
[White "Bullen, Alex"]
[Black "Graham, David Bruce"]
[Result "1-0"]
[WhiteElo "2100"]
[BlackElo "2162"]
[PlyCount "97"]
[EventDate "2018.11.10"]
[EventType "team-tourn"]
[EventRounds "11"]
[EventCountry "ENG"]
[SourceTitle "EXT 2021"]
[Source "ChessBase"]
[SourceDate "2020.10.23"]
[SourceVersion "1"]
[SourceVersionDate "2020.10.23"]
[SourceQuality "1"]
[WhiteTeam "West is Best II"]
[BlackTeam "Sussex Martlets"]
[WhiteTeamCountry "ENG"]
[BlackTeamCountry "ENG"]

1. d4 Nf6 2. Nf3 g6 3. Nbd2 d5 4. b4 Bg7 5. e3 0-0 6. c4 Bf5 7. Be2 Nbd7 8. 0-0 dxc4 9. Nxc4 Nb6 10. a4 Qd5 11. Nce5 Ne4 12. Bb2 a5 13. b5 Be6 14. Qc2 Rfc8 15. Rfc1 Nd6 16. Nd3 Qb3 17. Qb1 Bf5 18. Rc3 Bxd3 19. Bxd3 Qe6 20. Rc5 c6 21. bxc6 Rxc6 22. d5 Nxd5 23. Ng5 Qg4 24. Rxd5 e6 25. Rxd6 Rxd6 26. Bxg7 Qxg5 27. Bb2 Rad8 28. Bf1 Qh4 29. Qe1 Rd2 30. Bc3 R2d5 31. Be2 b6 32. g3 Qe4 33. Qb1 Qxb1+ 34. Rxb1 Rc5 35. Bd4 Rc2 36. Kf1 Ra2 37. Ra1 Rxa1+ 38. Bxa1 Kf8 39. Bf6 Rd5 40. Bb5 h6 41. e4 Rd1+ 42. Ke2 Rc1 43. Bd4 g5 44. Bxb6 Ke7 45. Bxa5 Rh1 46. Bb6 Rxh2 47. a5 Rh1 48. a6 Ra1 49. e5 1-0

[Event "Hastings Masters op 94th"]
[Site "Hastings"]
[Date "2019.01.04"]
[Round "8"]
[White "Ratnesan, Ranesh"]
[Black "Graham, David Bruce"]
[Result "1-0"]
[WhiteElo "2063"]
[BlackElo "2191"]
[PlyCount "129"]
[EventDate "2018.12.28"]
[EventType "swiss"]
[EventRounds "10"]
[EventCountry "ENG"]
[SourceTitle "CBM 188 Extra"]
[Source "ChessBase"]
[SourceDate "2019.02.26"]
[SourceVersion "1"]
[SourceVersionDate "2019.02.26"]
[SourceQuality "1"]

1. d4 Nf6 2. c4 g6 3. g3 Bg7 4. Bg2 d5 5. cxd5 Nxd5 6. Nc3 Nxc3 7. bxc3 c5 8. e3 Nc6 9. Ne2 0-0 10. 0-0 Qc7 11. Ba3 cxd4 12. cxd4 Bg4 13. h3 Qa5 14. Bc5 Be6 15. Qd3 Rfd8 16. Qc3 Qxc3 17. Nxc3 Bc4 18. Rfd1 e6 19. Rab1 Rd7 20. Rd2 Rc8 21. Ne4 Rcd8 22. Nc3 Bd5 23. Nxd5 exd5 24. Rc2 Bf8 25. Rb5 Bxc5 26. Rcxc5 Ne7 27. h4 f5 28. Rb1 Kf7 29. Bf1 Rc8 30. Rbc1 Rxc5 31. Rxc5 a6 32. a4 Ke6 33. Kg2 Kd6 34. Kf3 Ng8 35. Rc2 Nf6 36. Rb2 Rc7 37. Rb6+ Ke7 38. Be2 Ne4 39. Bd3 Nd6 40. g4 Rc3 41. Bb1 fxg4+ 42. Kxg4 Rc1 43. Ba2 Rc6 44. Rb2 Ke6 45. f3 Nc4 46. Re2 b5 47. axb5 axb5 48. e4 Ra6 49. h5 gxh5+ 50. Kxh5 Ra3 51. Kg4 b4 52. exd5+ Kxd5 53. Re5+ Kxd4 54. Re4+ Kc5 55. Bxc4 b3 56. Bd3 b2 57. Bb1 h5+ 58. Kg3 Ra1 59. Re1 Kd4 60. f4 Kc3 61. f5 Kd2 62. Rf1 Ra3+ 63. Kg2 Rc3 64. f6 Rc1 65. f7 1-0

[Event "London Classic U2050 op 10th"]
[Site "London"]
[Date "2018.12.16"]
[Round "4"]
[White "Smith, Chris A"]
[Black "Graham, David Bruce"]
[Result "1-0"]
[WhiteElo "1863"]
[BlackElo "2208"]
[PlyCount "105"]
[EventDate "2018.12.14"]
[EventType "swiss"]
[EventRounds "5"]
[EventCountry "ENG"]
[SourceTitle "CBM 187 Extra"]
[Source "ChessBase"]
[SourceDate "2018.11.04"]
[SourceVersion "1"]
[SourceVersionDate "2018.11.04"]
[SourceQuality "1"]

1. d4 Nf6 2. c4 g6 3. Nc3 Bg7 4. e4 d6 5. Be2 0-0 6. Be3 c5 7. d5 e6 8. f3 exd5 9. cxd5 a6 10. a4 Nbd7 11. Qd2 Rb8 12. Bf4 Qe7 13. Nh3 Ne5 14. Nf2 Bd7 15. 0-0 b5 16. axb5 Bxb5 17. Nxb5 axb5 18. Bh6 Rb7 19. Bxg7 Kxg7 20. b3 Rc8 21. Ra6 Ned7 22. Rfa1 Nb8 23. R6a5 c4 24. b4 Nbd7 25. Nd1 Qe5 26. Nc3 Nh5 27. Ra7 Rxa7 28. Rxa7 Nb6 29. Nxb5 Nf4 30. Bf1 c3 31. Qc2 Nbxd5 32. exd5 Nxd5 33. Ra1 Nxb4 34. Qf2 c2 35. Rc1 Rc5 36. Nd4 Rd5 37. Nxc2 Rc5 38. Nxb4 Rxc1 39. Nd3 Rxf1+ 40. Qxf1 Qe3+ 41. Kh1 h5 42. f4 h4 43. Qf3 Qd4 44. h3 f6 45. Kh2 g5 46. fxg5 fxg5 47. g3 hxg3+ 48. Qxg3 Kg6 49. Nf2 d5 50. Qd3+ Qxd3 51. Nxd3 Kf5 52. Kg3 Ke4 53. Nb4 1-0

[Event "London Classic U2050 op 10th"]
[Site "London"]
[Date "2018.12.15"]
[Round "3"]
[White "Graham, David Bruce"]
[Black "Smith, Olivia"]
[Result "1/2-1/2"]
[WhiteElo "2208"]
[BlackElo "2028"]
[PlyCount "75"]
[EventDate "2018.12.14"]
[EventType "swiss"]
[EventRounds "5"]
[EventCountry "ENG"]
[SourceTitle "CBM 187 Extra"]
[Source "ChessBase"]
[SourceDate "2018.11.04"]
[SourceVersion "1"]
[SourceVersionDate "2018.11.04"]
[SourceQuality "1"]

1. e4 e5 2. Nf3 Nf6 3. d4 Nxe4 4. Bd3 d5 5. Nxe5 Nd7 6. Nc3 Nxe5 7. dxe5 Bb4 8. 0-0 Nxc3 9. bxc3 Bxc3 10. Rb1 0-0 11. Bxh7+ Kxh7 12. Qd3+ Kg8 13. Qxc3 Re8 14. Qg3 Qd7 15. Re1 Re6 16. Bb2 Qc6 17. Qd3 b6 18. Re3 Rg6 19. Rg3 Rxg3 20. hxg3 Be6 21. Rd1 Qa4 22. a3 c5 23. f4 Qd7 24. g4 Bxg4 25. Qxd5 Rd8 26. Qxd7 Rxd7 27. Rxd7 Bxd7 28. Kf2 Bf5 29. c3 Kf8 30. Kf3 Bc2 31. Kg4 g6 32. Kg5 Ke7 33. Bc1 Ke6 34. Be3 a5 35. g4 a4 36. Bf2 Bd3 37. Be3 Bc2 38. Bf2 1/2-1/2